[Event "IPCA Wch 23rd"]
[Site "Gyumri"]
[Date "2024.07.25"]
[Round "7"]
[White "Vanek, Jakub"]
[Black "Mendoza, Cheyzer Crystal J"]
[Result "0-1"]
[WhiteElo "1888"]
[BlackElo "1751"]
[PlyCount "40"]
[EventDate "2024.07.20"]
[EventType "swiss"]
[EventRounds "9"]
[EventCountry "ARM"]
[SourceTitle "CBM 221 Extra"]
[Source "ChessBase"]
[SourceDate "2024.09.30"]
[SourceVersion "1"]
[SourceVersionDate "2024.09.30"]
[SourceQuality "1"]

1. b4 e5 2. Bb2 d6 3. c4 Nf6 4. e3 Be7 5. Be2 0-0 6. Nf3 c6 7. a3 a5 8. b5 e4 9. Nd4 c5 10. Nb3 d5 11. cxd5 Qxd5 12. Nc3 Qg5 13. g3 Bh3 14. Qc2 Qg6 15. d3 Bf5 16. d4 Nbd7 17. Na4 cxd4 18. Nxd4 Bh3 19. Qc7 Rab8 20. Nb6 Bd8 0-1

[Event "IPCA Wch Blitz 23rd"]
[Site "Gyumri"]
[Date "2024.07.24"]
[Round "1"]
[White "Vanek, Jakub"]
[Black "Gurbanov, Andrei"]
[Result "0-1"]
[WhiteElo "1888"]
[BlackElo "2283"]
[PlyCount "80"]
[EventDate "2024.07.24"]
[EventType "swiss (blitz)"]
[EventRounds "7"]
[EventCountry "ARM"]
[SourceTitle "CBM 221 Extra"]
[Source "ChessBase"]
[SourceDate "2024.09.30"]
[SourceVersion "1"]
[SourceVersionDate "2024.09.30"]
[SourceQuality "1"]

1. f4 d5 2. Nf3 g6 3. g3 Bg7 4. Bg2 Nh6 5. 0-0 0-0 6. d3 Nc6 7. c3 a5 8. Na3 Ng4 9. h3 Nf6 10. Qe1 Re8 11. e4 dxe4 12. dxe4 e5 13. Kh1 exf4 14. Bxf4 Nxe4 15. Rd1 Nd6 16. Qf2 Ne4 17. Qc2 Qe7 18. Rde1 f5 19. Nb5 Ne5 20. Nxe5 Bxe5 21. Bxe4 fxe4 22. Qxe4 Qc5 23. Nd4 Bxh3 24. Bxe5 Bxf1 25. Rxf1 Qxe5 26. Qf3 Qe4 27. Qxe4 Rxe4 28. Kg2 a4 29. Kf3 Re7 30. Rd1 a3 31. b3 Rf8+ 32. Kg2 c5 33. Nb5 Re2+ 34. Kh3 Rxa2 35. Nd6 Rb2 36. Nc4 Rxb3 37. Ra1 Rxc3 38. Nxa3 Ra8 39. Nc2 Rxa1 40. Nxa1 b5 0-1

[Event "Wch Disabilities 5th"]
[Site "Lublin"]
[Date "2023.08.27"]
[Round "9"]
[White "Leszner, Liliana"]
[Black "Vanek, Jakub"]
[Result "0-1"]
[WhiteElo "1936"]
[BlackElo "1593"]
[PlyCount "120"]
[EventDate "2023.08.19"]
[EventType "swiss"]
[EventRounds "9"]
[EventCountry "POL"]
[SourceTitle "CBM 215 Extra"]
[Source "ChessBase"]
[SourceDate "2023.09.30"]
[SourceVersion "1"]
[SourceVersionDate "2023.09.30"]
[SourceQuality "1"]

1. e4 d6 2. d4 Nf6 3. Nc3 Nbd7 4. g3 e5 5. Nge2 Be7 6. Bg2 c6 7. 0-0 Qc7 8. f4 0-0 9. h3 Rd8 10. Be3 Nb6 11. b3 exd4 12. Nxd4 d5 13. e5 Ne8 14. a4 Nd7 15. e6 Nf8 16. exf7+ Kxf7 17. f5 Nf6 18. Bf4 Bd6 19. Nce2 Bxf4 20. Nxf4 Re8 21. Kh2 Bd7 22. Qf3 Qe5 23. Rad1 Bxf5 24. Nxd5 Be4 25. Qxe4 Qxe4 26. Bxe4 Rxe4 27. Nxf6 gxf6 28. Rf2 Rd8 29. Rfd2 Re5 30. Kg1 Red5 31. c4 R5d7 32. Nxc6 bxc6 33. Rxd7+ Rxd7 34. Rb1 Rd3 35. Kf2 Rc3 36. a5 a6 37. Rd1 Ke7 38. Re1+ Ne6 39. Re3 Rxe3 40. Kxe3 c5 41. Ke4 Nc7 42. Kf5 Kf7 43. g4 h6 44. h4 Ne8 45. Ke4 Ke6 46. Kd3 Nd6 47. b4 cxb4 48. c5 Nc8 49. Kc4 b3 50. Kxb3 Kd5 51. Kc3 Kxc5 52. Kd3 Kb5 53. Ke4 Ne7 54. Kd4 Kb4 55. h5 Kb5 56. Ke4 Kxa5 57. g5 fxg5 58. Ke5 g4 59. Kf4 Ng8 60. Kxg4 Nf6+ 0-1

[Event "Wch Disabilities 5th"]
[Site "Lublin"]
[Date "2023.08.25"]
[Round "7"]
[White "Filippskikh, Oleksii"]
[Black "Vanek, Jakub"]
[Result "1-0"]
[WhiteElo "2009"]
[BlackElo "1593"]
[PlyCount "49"]
[EventDate "2023.08.19"]
[EventType "swiss"]
[EventRounds "9"]
[EventCountry "POL"]
[SourceTitle "CBM 215 Extra"]
[Source "ChessBase"]
[SourceDate "2023.09.30"]
[SourceVersion "1"]
[SourceVersionDate "2023.09.30"]
[SourceQuality "1"]

1. d4 d6 2. Nf3 Bg4 3. e4 Nf6 4. Nbd2 Nbd7 5. h3 Bh5 6. g4 Bg6 7. Qe2 e5 8. Bg2 Be7 9. b3 0-0 10. Bb2 exd4 11. Nxd4 c6 12. 0-0 Nb6 13. f4 h6 14. c4 Re8 15. f5 Bh7 16. Rad1 Qc7 17. h4 d5 18. g5 hxg5 19. hxg5 Nxe4 20. Nxe4 dxe4 21. g6 fxg6 22. fxg6 Bxg6 23. Qg4 Kh7 24. Ne6 Qc8 25. Rf7 1-0